Biblioteca y Centro de Documentación

Gender Equality Index 2021 (Registro nro. 52464)

Detalles MARC
000 -CABECERA
Longitud fija campo de control 02774nam a2200457 c 4500
001 - NÚMERO DE CONTROL
Número de control 52464
003 - IDENTIFICADOR DE NÚMERO DE CONTROL
Identificador del número de control ES-MaCES
005 - FECHA Y HORA DE LA ÚLTIMA TRANSACCIÓN
Fecha y hora de la última transacción 20250203133959.0
007 - PHYSICAL DESCRIPTION FIXED FIELD--GENERAL INFORMAT
Campo fijo de descripción física cr |||||||||||
008 - CAMPO FIJO DE DESCRIPCIÓN FIJA--INFORMACIÓN GENERAL
Códigos de información de longitud fija   220829s2021 lu |r i100 | eng d
020 ## - ISBN (INTERNATIONAL STANDARD BOOK NUMBER)
Número Internacional Normalizado para Libros (ISBN) 9789294829412 (pdf)
040 ## - FUENTE DE CATALOGACIÓN
Centro catalogador de origen ES-MaCES
Lengua de catalogación spa
Centro transcriptor ES-MaCES
245 00 - MENCIÓN DE TÍTULO
Título Gender Equality Index 2021
Medio Recurso electrónico
Resto del título : health
Mención de responsabilidad, etc. European Institute for Gender Equality (EIGE) ; [authors, Davide Barbieri ... et al.]
260 ## - PUBLICACIÓN, DISTRIBUCIÓN, ETC (PIE DE IMPRENTA)
Lugar de publicación, distribución, etc. Luxembourg
Nombre del editor, distribuidor, etc. Publications Office of the European Union
Fecha de publicación, distribución, etc. 2021
300 ## - DESCRIPCIÓN FÍSICA
Extensión 1 documento pdf
Material anejo (4,07 mb)
504 ## - NOTA DE BIBLIOGRAFÍA, ETC.
Nota de bibliografía, etc. Bibliografía: p. 134-162
520 3# - RESUMEN, ETC.
Sumario, etc, Desde 2013, el Índice de Igualdad de Género ha sido reconocido por las instituciones de la UE y los Estados miembros como un punto de referencia clave para la igualdad de género en la UE. La sexta edición del Índice cubre una gama de indicadores en los dominios de la sociedad y la vida más afectados por la crisis de COVID-19. Aunque los puntajes del Índice se basan principalmente en datos de 2019 y, por lo tanto, no pueden capturar el impacto total de la crisis en la igualdad de género, el informe brinda amplia evidencia de las repercusiones negativas de la pandemia en las mujeres en los dominios de trabajo, dinero, conocimiento, tiempo, poder y salud. También aborda el aumento de la violencia contra las mujeres y cómo los grupos de mujeres y hombres más desfavorecidos y marginados de la sociedad han soportado la peor parte del impacto. La salud, el enfoque temático de este informe, explora tres dimensiones adicionales: el estado de salud (incluida la salud mental), los comportamientos de salud y el acceso a los servicios de salud. También proporciona un análisis interseccional y de género de la SSR y la pandemia de COVID-19.
541 ## - NOTA DE LA FUENTE INMEDIANTE DE ADQUISICIÓN
Forma de adquisición Gratuito
650 #4 - ASIENTO SECUNDARIO DE MATERIA--TÉRMINO DE MATERIA
Término de materia o nombre geográfico como elemento inicial mujeres
9 (RLIN) 28657
650 #4 - ASIENTO SECUNDARIO DE MATERIA--TÉRMINO DE MATERIA
Término de materia o nombre geográfico como elemento inicial Covid-19
9 (RLIN) 39751
650 #4 - ASIENTO SECUNDARIO DE MATERIA--TÉRMINO DE MATERIA
Término de materia o nombre geográfico como elemento inicial evaluación del impacto
9 (RLIN) 30732
650 #4 - ASIENTO SECUNDARIO DE MATERIA--TÉRMINO DE MATERIA
Término de materia o nombre geográfico como elemento inicial salud
9 (RLIN) 28680
650 #4 - ASIENTO SECUNDARIO DE MATERIA--TÉRMINO DE MATERIA
Término de materia o nombre geográfico como elemento inicial estado de salud
9 (RLIN) 30671
650 #4 - ASIENTO SECUNDARIO DE MATERIA--TÉRMINO DE MATERIA
Término de materia o nombre geográfico como elemento inicial servicio de salud
9 (RLIN) 27058
650 #4 - ASIENTO SECUNDARIO DE MATERIA--TÉRMINO DE MATERIA
Término de materia o nombre geográfico como elemento inicial discriminación por razones de sexo
9 (RLIN) 29521
650 #4 - ASIENTO SECUNDARIO DE MATERIA--TÉRMINO DE MATERIA
Término de materia o nombre geográfico como elemento inicial diferencia del salario
9 (RLIN) 29458
650 #4 - ASIENTO SECUNDARIO DE MATERIA--TÉRMINO DE MATERIA
Término de materia o nombre geográfico como elemento inicial acoso sexual
9 (RLIN) 29555
650 #4 - ASIENTO SECUNDARIO DE MATERIA--TÉRMINO DE MATERIA
Término de materia o nombre geográfico como elemento inicial factor tiempo
9 (RLIN) 28906
650 #4 - ASIENTO SECUNDARIO DE MATERIA--TÉRMINO DE MATERIA
Término de materia o nombre geográfico como elemento inicial igualdad de oportunidades
9 (RLIN) 27183
650 #4 - ASIENTO SECUNDARIO DE MATERIA--TÉRMINO DE MATERIA
Término de materia o nombre geográfico como elemento inicial UE
9 (RLIN) 26752
650 #4 - ASIENTO SECUNDARIO DE MATERIA--TÉRMINO DE MATERIA
Término de materia o nombre geográfico como elemento inicial país de la UE
9 (RLIN) 29020
650 #4 - ASIENTO SECUNDARIO DE MATERIA--TÉRMINO DE MATERIA
Término de materia o nombre geográfico como elemento inicial 2021
9 (RLIN) 39925
650 #4 - ASIENTO SECUNDARIO DE MATERIA--TÉRMINO DE MATERIA
Término de materia o nombre geográfico como elemento inicial informe
9 (RLIN) 28986
653 10 - TÉRMINO DE INDEXACIÓN--NO CONTROLADO
Término no controlado Mujer
700 1# - ENCABEZAMIENTO SECUNDARIO--NOMBRE PERSONAL
9 (RLIN) 40502
Nombre de persona Barbieri, Davide
710 2# - ENCABEZAMIENTO SECUNDARIO--NOMBRE CORPORATIVO
9 (RLIN) 38913
Nombre de entidad o nombre de jurisdicción como elemento inicial Instituto Europeo de la Igualdad de Género
856 4# - ACCESO ELECTRÓNICO
Identificador Uniforme del Recurso (URI) https://doi.org/10.2839/834132
Texto del enlace https://doi.org/10.2839/834132
Nota pública [muestra la serie completa]
856 4# - ACCESO ELECTRÓNICO
Identificador Uniforme del Recurso (URI) http://biblioteca.ces.es/repintra/B52464.pdf
Texto del enlace texto completo
Nota pública [intranet]
902 ## - CES. TIPO DE DOCUMENTO
Tipodoc (006$c Sirtex) ELE PUB. ELECTRONICA
942 ## - ELEMENTOS KOHA
Fuente de clasificaión o esquema Clasificación propia del CES
Koha [por defecto] tipo de item Monografías
Parte de clasificación Asuntos Sociales

No hay ítems disponibles.

© CES, Consejo Económico y Social de España 2021